Sześć najbliższych krajów - Gruzja - Statystyki

Ogólne statystyki
  • Ten quiz został rozwiązany 83 razy
  • Średni wynik to 4 z 6
Statystyki odpowiedzi
km kraj % Poprawnych
0 Armenia
90%
0 Rosja
88%
0 Azerbejdżan
87%
0 Turcja
83%
189 Iran
47%
417 Ukraina
28%
Nie znaleziono quizów pasujących do podanych kryteriów
Rozkład punktacji
Procent ludzi z każdym wynikiem
Percentyl według liczby udzielonych odpowiedzi
Twoja historia wyników
Nie rozwiązałeś tego quizu